<?xml version="1.0" encoding="UTF-8"?>
<marc:record xmlns:marc="http://www.loc.gov/MARC21/slim" type="Bibliographic">
   <marc:leader>00000pam a2200000 c 4500</marc:leader>
   <marc:controlfield tag="001">972802282</marc:controlfield>
   <marc:controlfield tag="003">DE-101</marc:controlfield>
   <marc:controlfield tag="005">20171203171733.0</marc:controlfield>
   <marc:controlfield tag="007">tu</marc:controlfield>
   <marc:controlfield tag="008">041122s2005    gw ||||| |||| 00||||ger  </marc:controlfield>
   <marc:datafield ind1=" " ind2=" " tag="015">
      <marc:subfield code="a">05,A18,1992</marc:subfield>
      <marc:subfield code="z">04,N51,2706</marc:subfield>
      <marc:subfield code="2">dnb</marc:subfield>
   </marc:datafield>
   <marc:datafield ind1="7" ind2=" " tag="016">
      <marc:subfield code="2">DE-101</marc:subfield>
      <marc:subfield code="a">972802282</marc:subfield>
   </marc:datafield>
   <marc:datafield ind1=" " ind2=" " tag="020">
      <marc:subfield code="a">9783407793386</marc:subfield>
      <marc:subfield code="c">Pp. : ca. EUR 12.90</marc:subfield>
      <marc:subfield code="9">978-3-407-79338-6</marc:subfield>
   </marc:datafield>
   <marc:datafield ind1=" " ind2=" " tag="020">
      <marc:subfield code="a">3407793383</marc:subfield>
      <marc:subfield code="c">Pp. : ca. EUR 12.90</marc:subfield>
      <marc:subfield code="9">3-407-79338-3</marc:subfield>
   </marc:datafield>
   <marc:datafield ind1="3" ind2=" " tag="024">
      <marc:subfield code="a">9783407793386</marc:subfield>
   </marc:datafield>
   <marc:datafield ind1=" " ind2=" " tag="035">
      <marc:subfield code="a">(DE-599)DNB972802282</marc:subfield>
   </marc:datafield>
   <marc:datafield ind1=" " ind2=" " tag="035">
      <marc:subfield code="a">(OCoLC)76574286</marc:subfield>
   </marc:datafield>
   <marc:datafield ind1=" " ind2=" " tag="040">
      <marc:subfield code="a">1245</marc:subfield>
      <marc:subfield code="b">ger</marc:subfield>
      <marc:subfield code="c">DE-101</marc:subfield>
      <marc:subfield code="d">9999</marc:subfield>
   </marc:datafield>
   <marc:datafield ind1=" " ind2=" " tag="041">
      <marc:subfield code="a">ger</marc:subfield>
   </marc:datafield>
   <marc:datafield ind1=" " ind2=" " tag="044">
      <marc:subfield code="c">XA-DE-BW</marc:subfield>
   </marc:datafield>
   <marc:datafield ind1="7" ind2="4" tag="082">
      <marc:subfield code="a">K</marc:subfield>
      <marc:subfield code="q">DE-101</marc:subfield>
      <marc:subfield code="2">22sdnb</marc:subfield>
   </marc:datafield>
   <marc:datafield ind1=" " ind2=" " tag="090">
      <marc:subfield code="a">b</marc:subfield>
   </marc:datafield>
   <marc:datafield ind1="0" ind2="0" tag="245">
      <marc:subfield code="a">Guten Morgen, gute Nacht</marc:subfield>
      <marc:subfield code="c">Mirjam Pressler ; Helga Bansch</marc:subfield>
   </marc:datafield>
   <marc:datafield ind1=" " ind2="1" tag="264">
      <marc:subfield code="a">Weinheim</marc:subfield>
      <marc:subfield code="a">Basel</marc:subfield>
      <marc:subfield code="b">Beltz und Gelberg</marc:subfield>
      <marc:subfield code="c">2005</marc:subfield>
   </marc:datafield>
   <marc:datafield ind1=" " ind2=" " tag="300">
      <marc:subfield code="a">[29] S.</marc:subfield>
      <marc:subfield code="b">zahlr. Ill.</marc:subfield>
      <marc:subfield code="c">29 cm</marc:subfield>
   </marc:datafield>
   <marc:datafield ind1=" " ind2=" " tag="336">
      <marc:subfield code="a">Text</marc:subfield>
      <marc:subfield code="b">txt</marc:subfield>
      <marc:subfield code="2">rdacontent</marc:subfield>
   </marc:datafield>
   <marc:datafield ind1=" " ind2=" " tag="336">
      <marc:subfield code="a">unbewegtes Bild</marc:subfield>
      <marc:subfield code="b">sti</marc:subfield>
      <marc:subfield code="2">rdacontent</marc:subfield>
   </marc:datafield>
   <marc:datafield ind1=" " ind2=" " tag="337">
      <marc:subfield code="a">ohne Hilfsmittel zu benutzen</marc:subfield>
      <marc:subfield code="b">n</marc:subfield>
      <marc:subfield code="2">rdamedia</marc:subfield>
   </marc:datafield>
   <marc:datafield ind1=" " ind2=" " tag="338">
      <marc:subfield code="a">Band</marc:subfield>
      <marc:subfield code="b">nc</marc:subfield>
      <marc:subfield code="2">rdacarrier</marc:subfield>
   </marc:datafield>
   <marc:datafield ind1=" " ind2=" " tag="385">
      <marc:subfield code="0">(DE-588)4064017-6</marc:subfield>
      <marc:subfield code="0">http://d-nb.info/gnd/4064017-6</marc:subfield>
      <marc:subfield code="0">(DE-101)040640175</marc:subfield>
      <marc:subfield code="a">Vorschulkind</marc:subfield>
      <marc:subfield code="2">gnd</marc:subfield>
   </marc:datafield>
   <marc:datafield ind1=" " ind2=" " tag="520">
      <marc:subfield code="a">Endlich, ein wundervolles Gute-Nacht-Buch mit Versen von Mirjam Pressler und traumhaften Bildern von Helga Bansch, das hellwach macht und einen wunderbar träumen lässt. Guten Morgen, gute Nacht! Morgens, wenn der Tag beginnt, freut sich jedes Hasenkind. Und wenn es auch noch Montag ist, der Tag der Hasen, wie ihr wisst, da hüpft das Häschen aus dem Haus, bei Sonnenschein will es hinaus. Als Erstes sucht es sein Cousinchen, das allerliebste Zwergkaninchen. Sie wollen heut spazieren gehn, sich da und dort die Welt besehn. Sie singen tri- und tralala. Halt! Bleib mal stehn! Was ist denn da? Das Zwergkaninchen und das Häschen heben schnuppernd ihre Näschen. Ein süßer Zuckerrübenduft erfüllt die frische Morgenluft. Im Rübenfeld herrscht Dämmerlicht, das stört die beiden Nager nicht. Das Häschen knabbert Blatt um Blatt, doch sein Cousinchen ist bald satt. &gt;Ja&lt;, sagt das Häschen, &gt;so istś fein. So soll ein Hasenleben sein.&lt; Am Dienstag, dem Tag der Schweine, wie ihr wisst, suhlt sich das Schweinchen im Schlamm, am Mittwoch jagt das Kätzchen einer Schwalbe nach, am Donnerstag stupst das Hündchen - au! - einen Igel. Am Freitag entdeckt das Mäuschen ganz entzückt, dass die Tür zur Vorratskammer aufsteht. Am Samstag will der kleine Bär auf den Baum klettern. Am Sonntag - dem Tag der Schafe - schließlich hoppelt das Schäfchen so schnell es kann über die Weide. Sieben Tage hat die Woche und jeden Morgen werden die Tierkinder mit Reimen geweckt und jeden Abend liebevoll zu Bett gebracht. Ein jedes nach seiner Art. Als Autorin und Übersetzerin ist Mirjam Pressler berühmt. Mit diesem Bilderbuch erweist sie sich auch als Autorin zärtlicher Reime, die voller Überraschungen sind. Helga Bansch, eine international erfolgreiche Bilderbuchkünstlerin, deren Bilderbücher in der Presse als &gt;Augenschmaus&lt; (NZZ) oder &gt;"kongenial in der Bildsprache&lt; (Eselsohr) beschrieben wurden, schafft mit ihren großflächigen, farbenfrohen und zugleich sanften Bildern eine wunderschöne Atmosphäre, wie sie ein Gute-Nacht-Bilderbuch braucht. &gt;Voller Überraschungen sind ihre Illustrationen weit weg von gefälliger Bilderbuchunterhaltung und tausendfach Wiederholtem.&lt; Horst Künnemann, Süddeutsche Zeitung</marc:subfield>
   </marc:datafield>
   <marc:datafield ind1=" " ind2="7" tag="650">
      <marc:subfield code="0">(DE-588)4317539-9</marc:subfield>
      <marc:subfield code="0">http://d-nb.info/gnd/4317539-9</marc:subfield>
      <marc:subfield code="0">(DE-101)043175392</marc:subfield>
      <marc:subfield code="a">Gutenachtgeschichte</marc:subfield>
      <marc:subfield code="2">gnd</marc:subfield>
   </marc:datafield>
   <marc:datafield ind1=" " ind2=" " tag="653">
      <marc:subfield code="a">(VLB-PF)BB: Gebunden</marc:subfield>
   </marc:datafield>
   <marc:datafield ind1=" " ind2=" " tag="653">
      <marc:subfield code="a">(VLB-WI)1: Hardcover, Softcover, Karte</marc:subfield>
   </marc:datafield>
   <marc:datafield ind1=" " ind2=" " tag="653">
      <marc:subfield code="a">(VLB-WG)230: Kinderbuch, Jugendbuch / Geschichten, Reime, Lieder</marc:subfield>
   </marc:datafield>
   <marc:datafield ind1=" " ind2="7" tag="655">
      <marc:subfield code="0">(DE-588)4002214-6</marc:subfield>
      <marc:subfield code="0">http://d-nb.info/gnd/4002214-6</marc:subfield>
      <marc:subfield code="0">(DE-101)040022145</marc:subfield>
      <marc:subfield code="a">Anthologie</marc:subfield>
      <marc:subfield code="2">gnd-content</marc:subfield>
   </marc:datafield>
   <marc:datafield ind1=" " ind2="7" tag="655">
      <marc:subfield code="0">(DE-588)4006604-6</marc:subfield>
      <marc:subfield code="0">http://d-nb.info/gnd/4006604-6</marc:subfield>
      <marc:subfield code="0">(DE-101)040066045</marc:subfield>
      <marc:subfield code="a">Bilderbuch</marc:subfield>
      <marc:subfield code="2">gnd-content</marc:subfield>
   </marc:datafield>
   <marc:datafield ind1=" " ind2="7" tag="655">
      <marc:subfield code="a">Anthologie</marc:subfield>
      <marc:subfield code="2">gnd</marc:subfield>
   </marc:datafield>
   <marc:datafield ind1=" " ind2="7" tag="655">
      <marc:subfield code="a">Bilderbuch</marc:subfield>
      <marc:subfield code="2">gnd</marc:subfield>
   </marc:datafield>
   <marc:datafield ind1="0" ind2="0" tag="689">
      <marc:subfield code="0">(DE-588)4317539-9</marc:subfield>
      <marc:subfield code="0">http://d-nb.info/gnd/4317539-9</marc:subfield>
      <marc:subfield code="0">(DE-101)043175392</marc:subfield>
      <marc:subfield code="D">s</marc:subfield>
      <marc:subfield code="a">Gutenachtgeschichte</marc:subfield>
   </marc:datafield>
   <marc:datafield ind1="0" ind2="1" tag="689">
      <marc:subfield code="A">f</marc:subfield>
      <marc:subfield code="a">Anthologie</marc:subfield>
   </marc:datafield>
   <marc:datafield ind1="0" ind2="2" tag="689">
      <marc:subfield code="A">f</marc:subfield>
      <marc:subfield code="a">Bilderbuch</marc:subfield>
   </marc:datafield>
   <marc:datafield ind1="0" ind2=" " tag="689">
      <marc:subfield code="5">DE-101</marc:subfield>
      <marc:subfield code="5">DE-101</marc:subfield>
   </marc:datafield>
   <marc:datafield ind1="1" ind2=" " tag="700">
      <marc:subfield code="0">(DE-588)119290650</marc:subfield>
      <marc:subfield code="0">http://d-nb.info/gnd/119290650</marc:subfield>
      <marc:subfield code="0">(DE-101)119290650</marc:subfield>
      <marc:subfield code="a">Pressler, Mirjam</marc:subfield>
      <marc:subfield code="d">1940-</marc:subfield>
      <marc:subfield code="e">Mitwirkender</marc:subfield>
      <marc:subfield code="4">ctb</marc:subfield>
   </marc:datafield>
   <marc:datafield ind1="1" ind2=" " tag="700">
      <marc:subfield code="0">(DE-588)122038029</marc:subfield>
      <marc:subfield code="0">http://d-nb.info/gnd/122038029</marc:subfield>
      <marc:subfield code="0">(DE-101)122038029</marc:subfield>
      <marc:subfield code="a">Bansch, Helga</marc:subfield>
      <marc:subfield code="d">1957-</marc:subfield>
      <marc:subfield code="e">Mitwirkender</marc:subfield>
      <marc:subfield code="4">ctb</marc:subfield>
   </marc:datafield>
   <marc:datafield ind1=" " ind2=" " tag="850">
      <marc:subfield code="a">DE-101a</marc:subfield>
      <marc:subfield code="a">DE-101b</marc:subfield>
   </marc:datafield>
   <marc:datafield ind1="r" ind2=" " tag="925">
      <marc:subfield code="a">ra</marc:subfield>
   </marc:datafield>
</marc:record>
